Ľubomír Čechovič reality šou nám zvýšili sledovanosť

Bibliographic Details
Main Authors: Bella, Vitalia, 1979- (Author, Interviewer), Čechovič, Ľubomír 1952- (Author)
Format: Article
Language:Slovak
PhysicalDescription:Fotogr.
ISSN:0139-7451
Subjects:

MARC

LEADER 00000nab a2200000 ar4500
001 vtls008413115
003 SK-MaSNL
005 20260309145544.0
008 051202c2005 xo wr|p|||||||000 b|slo
015 |a SNBRB2005/12  |2 snkbucl 
038 |a SNKBUCL 
040 |a SNKBUCL  |b slo  |c SNKBUCL  |e AACR2 
041 0 |a slo 
044 |a xo  |c SK 
080 |a 654.197§x(437.6)  |2 1981 
080 |a 7.097  |x (437.6)  |2 1981 
080 |a 929 Čechovič, Ľubomír  |2 1981 
100 1 |a Bella, Vitalia,  |d 1979-  |4 aut  |4 ivr  |9 218455 
245 1 0 |a Ľubomír Čechovič  |b reality šou nám zvýšili sledovanosť  |c rozhovor: Vitalia Bella 
300 |b Fotogr. 
600 1 7 |a Čechovič, Ľubomír,  |d 1952-   |2 snkbucl 
610 2 7 |a Televízia TA3 (Bratislava, Slovensko)  |2 snkbucl  |9 839769 
700 1 |a Čechovič, Ľubomír  |d 1952-  |4 aut  |4 ive 
773 0 |t Eurotelevízia  |g Roč. 15, č. 47 (2005), s. 6-8  |x 0139-7451 
852 |a SNK  |b KIS3GCP 
958 |a BX 
999 |c 3365985  |d 3367915